MARC

LEADER 00000nam2a2200000 4500
001 249930
005 20231101232522.0
035 |a (RuTPU)RU\TPU\book\272062 
035 |a RU\TPU\book\70598 
090 |a 249930 
100 |a 20040818d1956 m y0rusy50 ca 
101 0 |a rus 
102 |a RU 
105 |a a j 000zy 
200 0 |a Т. 2 : Электричество  |f С. Г. Калашников 
210 |d 1956 
215 |a 664 с.  |c ил. 
461 1 |0 (RuTPU)RU\TPU\book\271567  |t Общий курс физики  |o учебное пособие  |v Т. 2 : Электричество  |d 1956-  
606 1 |a Физика  |2 stltpush  |3 (RuTPU)RU\TPU\subj\63709  |9 80688 
606 1 |a Электричество  |2 stltpush  |3 (RuTPU)RU\TPU\subj\27825  |9 51518 
610 1 |a учебные пособия 
610 1 |a электрические заряды 
610 1 |a электрическое поле 
610 1 |a магнитное поле 
610 1 |a электрический ток 
610 1 |a индукция 
610 1 |a энергия 
610 1 |a ионные явления 
610 1 |a электронные явления 
610 1 |a электромагнитные колебания 
675 |a 53(075.8)  |v 3 
675 |a 537.3(075.8)  |v 3 
700 1 |a Калашников  |b С. Г.  |g Сергей Григорьевич 
801 1 |a RU  |b 63413507  |c 20140210 
801 2 |a RU  |b 63413507  |c 20210603  |g RCR 
942 |c BK